Primera escuela para animadores sindicales de cooperación internacional al desarrollo
Guardat en:
| Autor corporatiu: | |
|---|---|
| Format: | Text |
| Publicat: |
Madrid:
FPS
|
| Etiquetes: |
Afegir etiqueta
Sense etiquetes, Sigues el primer a etiquetar aquest registre!
|
MARC
| LEADER | 00000 a a2200000 04500 | ||
|---|---|---|---|
| 001 | 23090 | ||
| 003 | |||
| 040 | |||
| 090 | |a 159300 | ||
| 110 | |a Fundación paz y solidaridad "Serafin Aliaga" | ||
| 245 | |a Primera escuela para animadores sindicales de cooperación internacional al desarrollo | ||
| 260 | |a Madrid: |b FPS | ||
| 300 | |a 146 p; vol. I |b fonodiscos |b escudos de armas | ||
| 999 | |c 11747 |d 11747 | ||
